| 000 | 01215cam a22003135a 4500 | ||
|---|---|---|---|
| 001 | 14601045 | ||
| 005 | 20201128024121.0 | ||
| 008 | 061019s2007 nyua b 001 0 eng | ||
| 020 | _a9780387483535 | ||
| 040 |
_aDLC _beng _cDLC _dDLC _dEG-ScBUE |
||
| 082 | 0 | 4 |
_a612.8 _222 _bBEN |
| 100 | 1 |
_aBenuskova, L. _q(Lubica), _d1958- |
|
| 245 | 1 | 0 |
_aComputational neurogenetic modeling / _cLubica Benuskova and Nikola Kasabov. |
| 260 |
_aNew York : _bSpringer, _cc.2007. |
||
| 300 |
_axii, 290 p. : _bill. (col.) ; _c25 cm. |
||
| 490 | 0 | _aTopics in biomedical engineering international book series | |
| 500 | _a"Integrating bioinformatics and neuroscience data, information and knowledge via computational intelligence" P. 4 of cover. | ||
| 500 | _aIndex : p. 287-290. | ||
| 504 | _aBibliography : p. [259]-286. | ||
| 650 | 0 |
_aNeurogenetics _xMathematical models. _2BUEsh |
|
| 650 | 0 |
_aNeurogenetics _xComputer simulation. _2BUEsh |
|
| 650 | 0 |
_aComputational neuroscience. _2BUEsh _918639 |
|
| 650 | 0 |
_aNeural networks (Computer science) _2BUEsh _92046 |
|
| 650 | 7 |
_aNeural networks (Neurobiology) _2BUEsh _918637 |
|
| 651 | _2BUEsh | ||
| 653 |
_bCOMSCI _cJanuary2017 |
||
| 700 | 1 | _aKasabov, Nikola K. | |
| 942 | _2ddc | ||
| 999 |
_c23919 _d23891 |
||